Fr. Conceicao Rodrigues College of Engineering

Production and operations management:Concepts (Record no. 19691)

MARC details
000 -LEADER
fixed length control field 00343nam a2200145Ia 4500
082 ## - DEWEY DECIMAL CLASSIFICATION NUMBER
Classification number 658.4034
Item number ADA
100 ## - MAIN ENTRY--PERSONAL NAME
Personal name Adam/Everett E/ Ebert/R.J
250 ## - EDITION STATEMENT
Edition statement 5
245 ## - TITLE STATEMENT
Title Production and operations management:Concepts
260 ## - PUBLICATION, DISTRIBUTION, ETC.
Name of publisher, distributor, etc. Prentice-Hall of India
Date of publication, distribution, etc. 1992
300 ## - PHYSICAL DESCRIPTION
Extent 729
546 ## - LANGUAGE NOTE
Language note ENGLISH
654 ## - SUBJECT ADDED ENTRY--FACETED TOPICAL TERMS
Focus term Management
942 ## - ADDED ENTRY ELEMENTS (KOHA)
Koha item type BOOK
Holdings
Withdrawn status Lost status Damaged status Not for loan Collection Home library Current library Date acquired Total Checkouts Full call number Barcode Date last seen Price effective from Koha item type
        CRC Fr. Agnel's C.Rodrigues College of Engineering Fr. Agnel's C.Rodrigues College of Engineering 17/03/2023   658.4034 ADA 15712 17/03/2023 17/03/2023 BOOK
        CRC Fr. Agnel's C.Rodrigues College of Engineering Fr. Agnel's C.Rodrigues College of Engineering 17/03/2023   658.4034 ADA 15713 17/03/2023 17/03/2023 BOOK